The Cultural Politics of Emotion /

Estudio centrado en la relación que existe entre emociones, leguaje y corporalidad, para mostrarnos cómo las emociones son nombradas y están presentes en los actos discursivos, lo mismo que pueden ser sentidas tanto en el plano emocional como en el físico. Desde el desarrollo de una teoría de las po...

Celý popis

Uloženo v:
Podrobná bibliografie
Hlavní autor: Ahmed, Sara (autor)
Médium: Kniha
Jazyk:angličtina
Vydáno: Nueva York, EUA : Routledge, 2004, c2004
Témata:
Tagy: Přidat tag
Žádné tagy, Buďte první, kdo vytvoří štítek k tomuto záznamu!

MARC

LEADER 00000nam^a2200000^a^4500
001 000182983
005 20250521000000.0
009 20260310102024.508
020 |a 0-415-97255-8 
037 |a Acervo ITESO - Biblioteca 
041 |a ING 
082 |a 152. 4  |b AHM 
100 |a Ahmed, Sara  |e (autor) 
240 1 4 |a [La política cultural de las emociones] 
245 1 4 |a The Cultural Politics of Emotion /  |c S. Ahmed. 
264 4 |a Nueva York, EUA :  |b Routledge,  |c 2004, c2004 
300 |a VIII, 224 p. 
336 |a texto  |b txt  |2 rdacontenido 
337 |a sin mediación  |b n  |2 rdamedio 
338 |a volumen  |b nc  |2 rdasoporte 
520 |a Estudio centrado en la relación que existe entre emociones, leguaje y corporalidad, para mostrarnos cómo las emociones son nombradas y están presentes en los actos discursivos, lo mismo que pueden ser sentidas tanto en el plano emocional como en el físico. Desde el desarrollo de una teoría de las políticas culturales, ofrece una metodología para leer la emocionalidad de los textos y un análisis del rol emocional en debates sobre el terrorismo internacional, el asilo político y la migración, considerando la intersección entre raza, género y sexualidad. Se trata de un diálogo interdisciplinario entre estudios de género y de la cultura, la psicología y la sociología de las emociones; también participan la fenomenología, el psicoanálisis, el feminismo y la Teoría Queer. Se abordan diferentes emociones: dolor, odio, miedo, disgusto, vergüenza y amor. 
649 |a XX 
650 |a Yo (Psicoanálisis) 
650 |a Subjetividad (Psicología) 
650 |a Dolor 
650 |a Odio 
650 |a Miedo 
650 |a Amor 
650 |a Emoción -  |x Aspectos Políticos -  |x Tema Principal 
650 |a Emoción -  |x Aspectos Sociales y Culturales -  |x Tema Principal 
650 |a Desarrollo Emocional 
650 |a Género 
650 |a Comportamiento Social 
650 |a Interacción Social 
650 |a Discurso Político 
650 |a Análisis del Discurso 
650 |a Queer Theory 
650 |a Antropología 
650 |a Sociología de la Comunicación 
650 |a Sociología de la Cultura 
650 |a Proceso de Comunicación 
650 |a Psicoanálisis y Política 
650 |a Psicología Social 
910 |a Fondo General 
920 |a Impresos - Libros 
930 |a Colección General 
905 |a 101 
901 |a 0500123135  |b IT1  |c ACC  |u 20250521 
902 |a https://opac.biblio.iteso.mx/vufind/Record/000182983